000 00265nam a22001217a 4500
008 230620b xxu||||| |||| 00| 0 eng d
082 _a323.34
_bIPU
110 _bIPU
245 _aPolitics:Women's Inight
260 _bIPU
_c2000
300 _a193p
942 _2ddc
_cBK
999 _c1746
_d1746